| 000 | 00338nam a22001457a 4500 | ||
|---|---|---|---|
| 020 | _a0712106375 | ||
| 082 | _a382.1WHI | ||
| 100 | _aD.P.WHITING | ||
| 245 | _aFINANCE OF INTERNATIONAL TRADE | ||
| 250 | _aFOURTH EDITION | ||
| 260 |
_aBRITAIN _bMACDONALD AND EVANS |
||
| 300 |
_a278p _bill;21cm |
||
| 500 | _ainclude,index | ||
| 942 | _cBK | ||
| 999 |
_c17086 _d17086 |
||